000 00381nam a2200157Ia 4500
008 230711s9999||||xx |||||||||||||| ||und||
041 _aENG
082 _a720
_bGO-D
100 _aGoldberg A
245 0 _aDesign guide the 1991 uniform building code
250 _a1st
260 _c1993
_aNew York
_bJohn Wiley & Sons.Inc
300 _a400
650 _aArchitecture
942 _cBK
999 _c2763
_d2763